Регионална библиотека "Любен Каравелов" - Русе

Катализа (Запис номер 128047)

MARC детайли
000 -Лидер
Контролно поле с фиксирана дължина 02264nam a2200337 c 4500
003 - Код на организацията, давaща контролен номер
Контролно поле BLK
005 - Дата и час на последна редакция
Контролно поле 20211218103127.0
008 - Елементи от данни с фиксирана дължина
fixed length control field 180409b bul|||||r ||||||| ||bul||
010 ## - Наследен системен номер
LC control number KNG00133766000
040 ## - Източник на каталожния запис
Идентификатор на билиотеката - собственик на записа BLK
041 ## - Код за език
Код за езика на текст/звукозапис или на отделно заглавие Български
Код за езика КДБФ Български
080 ## - УДК
Текстов определител УДК Катализ. Ускоряване и забавяне на реакциите с помощта на катализаторите. Автокатализ
УДК код - определител по УДК 541.128
УДК определител
УДК - код + определител 541.128
100 1# - Редна дума - Автор
Автор Близнаков, Георги Мануилов
Автор - информация (биография) Акад. Георги Мануилов Близнаков (1920 - 2004), е бележит български химик, академик. Неговата работа е била насочена в областта на кристалите, абсорбацията и катализата, неорганичния синтез и проблемите, свързани с опазването на околната среда. Георги Близнаков основава и е директор на Института по обща и неорганична химия при БАН. Той е член-кореспондент от 1967, а от 1979 академик на БАН. За известно време е главен научен секретар и заместник-председател на БАН. В периода 1981-1985 е ректор на Софийски университет "Св. Климент Охридски".
R(LIN) 374137
139 ## - Редно поле
Редна дума Близнаков, Георги Мануилов
Авторски знак Бли - Б 49
245 10 - Сведения за заглавието
Заглавие Катализа
Редно поле (дума) Георги Мануилов Близнаков.
257 ## - Страна на издаване
Страна на създаване/издаване България
260 ## - Област на издателските данни
-- София
Име на издателя, разпространителя и проч. Нар. просв.
Година на издаване 1962
300 ## - Физическа характеристика
Страници 76 с.
Илюстрации и др. с ил.
Размери/Мащаб 18 см
380 ## - Жанр
Жанр Естествени науки. Математика
490 1# - СЕРИИ (Колекции)
Име на серия Природонаучна библиотека
490 1# - СЕРИИ (Колекции)
-- Подсерия
Име на серия Серия Химия
№: серия Г. VI, 10
500 ## - Общи забележки
Забележка 15 078 тир.
650 #4 - Допълнително описание по предмет – тема
Основно описание – тема или топоним Катализа
9 (RLIN) 158347
653 ## - Ключова дума – ненормативна
Ключова дума химия
653 ## - Ключова дума – ненормативна
Ключова дума катализа
852 ## - Местоположение
Форматна сигнатура Цб І 5217
856 4# - Електронен адрес и достъп
Електронен формат pdf - файл
Път до файла /url/
856 4# - Електронен адрес и достъп
Електронен формат pdf - файл
Път до файла /url/
942 ## - АРТИКУЛИ
Вид на библиотечния материал Книги
Скрит в OPAC Не
944 ## - СЪЗДАВАНЕ И РЕДАКЦИЯ на ЗАПИСА
Създаване/Редакция Създаване
Дата на регистрацията/редакция 18.09.2012
Статус, дата на статуса 18.09.2012 - от С1,Р / 18.09.2012
Служител, извършил регистрацията/редакцията Грета_Цуфелде
944 ## - СЪЗДАВАНЕ И РЕДАКЦИЯ на ЗАПИСА
Създаване/Редакция Редакция
Дата на регистрацията/редакция 18.09.2012
Статус, дата на статуса 18.09.2012 - от С1,Р / 18.09.2012
Служител, извършил регистрацията/редакцията
999 ## - СИСТЕМНИ КОНТРОЛНИ НОМЕРА
Koha biblionumber 128047
Koha biblioitemnumber 128047
Наличности
Код за отписване Код за изгубен артикул Източник на класификационната схема Код за повреда Коз за рестрикции Код за отдаване Артикулен № Име на библиотеката - собственик Име на библиотеката, в която се намира в момента Статус (Текущо местоположение) Дата на вписване в системата Местоположение - отдел Цена в лева Инвентарен номер Систематично азбучна сигнатура Баркод Номер на екземпляра Цена в евро Служебна бележка Служебен тип на артикула
  Не е изгубен Universal Decimal Classification Не е повреден само за читалня ползва се в читалня 208162 Регионална библиотека "Любен Каравелов" Русе Регионална библиотека "Любен Каравелов" Русе Хранилище 1962-01-01 Хранилище 0.11 10710/62 Цб І 5217 900000027816 1 0.06 N: стар фонд Дата: 01.01.1962 Книги
Изтеглен Не е изгубен Universal Decimal Classification Не е повреден без рестрикции заемане за дома 208163 Регионална библиотека "Любен Каравелов" Русе Регионална библиотека "Любен Каравелов" Русе Заемна - подръчен фонд 1962-01-01 Заемна - подръчен фонд 0.00 14121/62 П 541.12/Б 49 14121/62 2 0.00 N: стар фонд Дата: 01.01.1962 Книги
Изтеглен Не е изгубен Universal Decimal Classification Не е повреден без рестрикции заемане за дома 208164 Регионална библиотека "Любен Каравелов" Русе Регионална библиотека "Любен Каравелов" Русе Заемна - подръчен фонд 1962-01-01 Заемна - подръчен фонд 0.00 14122/62 П 541.12/Б 49 14122/62 3 0.00 N: стар фонд Дата: 01.01.1962 Книги
Изтеглен Не е изгубен Universal Decimal Classification Не е повреден без рестрикции заемане за дома 208165 Регионална библиотека "Любен Каравелов" Русе Регионална библиотека "Любен Каравелов" Русе Заемна - подръчен фонд 1962-01-01 Заемна - подръчен фонд 0.00 14123/62 П 541.12/Б 49 14123/62 4 0.00 N: стар фонд Дата: 01.01.1962 Книги
Изтеглен Не е изгубен Universal Decimal Classification Не е повреден без рестрикции заемане за дома 208166 Регионална библиотека "Любен Каравелов" Русе Регионална библиотека "Любен Каравелов" Русе Заемна - подръчен фонд 1962-01-01 Заемна - подръчен фонд 0.00 14124/62 П 541.12/Б 49 14124/62 5 0.00 N: стар фонд Дата: 01.01.1962 Книги
Изтеглен Не е изгубен Universal Decimal Classification Не е повреден без рестрикции заемане за дома 208167 Регионална библиотека "Любен Каравелов" Русе Регионална библиотека "Любен Каравелов" Русе Заемна - подръчен фонд 1962-01-01 Заемна - подръчен фонд 0.00 14125/62 П 541.12/Б 49 14125/62 6 0.00 N: стар фонд Дата: 01.01.1962 Книги
Изтеглен Не е изгубен Universal Decimal Classification Не е повреден без рестрикции заемане за дома 208168 Регионална библиотека "Любен Каравелов" Русе Регионална библиотека "Любен Каравелов" Русе Заемна - подръчен фонд 1962-01-01 Заемна - подръчен фонд 0.00 16336/62 П 541.12/Б 49 16336/62 7 0.00 N: стар фонд Дата: 01.01.1962 Книги
Vip Innovations Ltd, Rousse, Bulgaria 2025